[Event "Mercredi 2016.10.12 ABCD"]
[Site "Montreal CAN"]
[Date "2016.11.02"]
[Round "4"]
[White "Robidoux, Julien"]
[Black "Dumouchel, Alain"]
[Result "1-0"]
[WhiteElo "1780"]
[BlackElo "1784"]
[PlyCount "167"]
[EventDate "2016.10.12"]
[EventType "tourn"]
[EventRounds "5"]
[EventCountry "CAN"]

1. b3 Nf6 2. Bb2 d5 3. e3 g6 4. Bxf6 exf6 5. c4 Bg7 6. Nc3 d4 7. exd4 O-O 8.
Nf3 Nc6 9. d5 Nb4 10. Be2 c6 11. a3 Na6 12. dxc6 bxc6 13. O-O f5 14. Re1 Rb8
15. b4 c5 16. b5 Nc7 17. Qc2 Bb7 18. Rad1 Ne6 19. Rc1 Qd6 20. Nd5 Rfc8 21. Qb3
Bxd5 22. cxd5 Nf4 23. Bc4 Rd8 24. Re3 a6 25. a4 axb5 26. axb5 Bd4 27. Nxd4 cxd4
28. Ree1 Kg7 29. Ra1 Nxd5 30. Ra7 Re8 31. Rea1 Nc7 32. Bxf7 Re7 33. Bc4 Qe5 34.
b6 d3 35. Bxd3 Rb7 36. Qb1 Nd5 37. Rxb7 Rxb7 38. Ra7 Qb8 39. Qa1+ Kh6 40. Qd4
Nxb6 41. Rxb7 Qxb7 42. g3 Nd5 43. Be2 Ne7 44. Qe3+ Kg7 45. Bf3 Qc7 46. h4 Qd6
47. h5 Kf6 48. Qc3+ Qe5 49. hxg6 hxg6 50. Qb4 g5 51. d4 Qc7 52. Qd2 g4 53. Bg2
Nc6 54. d5 Qd6 55. Qc3+ Ne5 56. f4 gxf3 57. Bxf3 Kg6 58. Bg2 Qb6+ 59. Kf1 Qb5+
60. Ke1 Qb1+ 61. Kd2 Qa2+ 62. Kc1 Ng4 63. Qc6+ Kg5 64. d6 Ne3 65. Bf3 Qf2 66.
d7 Qe1+ 67. Kb2 Qd2+ 68. Ka3 Qd3+ 69. Kb4 Qd4+ 70. Ka5 Nc4+ 71. Qxc4 Qxc4 72.
d8=Q+ Kg6 73. Qe8+ Kf6 74. Qh8+ Kg6 75. Qh5+ Kf6 76. Qh4+ Qxh4 77. gxh4 Ke5 78.
Kb5 Kf4 79. h5 Kg5 80. Kc5 Kh6 81. Kd5 Kg5 82. Ke6 Kf4 83. Kf7 Kg5 84. Kg7 1-0

[Event "Mercredi 2016.10.12 ABCD"]
[Site "Montreal CAN"]
[Date "2016.11.02"]
[Round "4"]
[White "Singher, Jean-Pierre"]
[Black "Langlois-Remillard, Alexis"]
[Result "0-1"]
[WhiteElo "1945"]
[BlackElo "1954"]
[PlyCount "84"]
[EventDate "2016.10.12"]
[EventType "tourn"]
[EventRounds "5"]
[EventCountry "CAN"]

1. Nf3 e6 2. g3 b6 3. Bg2 Bb7 4. c4 c5 5. O-O Nf6 6. Nc3 Be7 7. d3 O-O 8. e4 d6
9. h3 Nbd7 10. Be3 a6 11. Ne1 Qc7 12. f4 Rfd8 13. Qe2 Rac8 14. Nc2 Nf8 15. Kh1
d5 16. Bg1 d4 17. Nd1 b5 18. b3 N6d7 19. Nf2 e5 20. Bh2 exf4 21. gxf4 Ng6 22.
f5 Nge5 23. Ne1 Bd6 24. Bf3 Nxc4 25. dxc4 Bxh2 26. cxb5 axb5 27. Ng4 Be5 28.
Qxb5 Ra8 29. Qe2 d3 30. Nxd3 Bxa1 31. Rxa1 Ba6 32. Rg1 h5 33. Nh6+ Kf8 34. Qg2
gxh6 35. Qg7+ Ke7 36. Rg6 Nf8 37. Ne5 Ke8 38. Rc6 Qe7 39. Bxh5 Rd7 40. Rxh6 Bb7
41. Bxf7+ Kd8 42. Rc6 Rxa2 0-1

[Event "Mercredi 2016.10.12 ABCD"]
[Site "Montreal CAN"]
[Date "2016.11.02"]
[Round "4"]
[White "Soudre, Nicolas"]
[Black "Tremblay, Alain"]
[Result "1-0"]
[WhiteElo "2202"]
[BlackElo "2175"]
[PlyCount "63"]
[EventDate "2016.10.12"]
[EventType "tourn"]
[EventRounds "5"]
[EventCountry "CAN"]

1. e4 c6 2. d4 d5 3. Nc3 dxe4 4. Nxe4 Nd7 5. Nf3 Ngf6 6. Ng3 e6 7. Bc4 Bd6 8.
Qe2 O-O 9. Be3 Qa5+ 10. c3 Qc7 11. O-O b6 12. Rad1 Bb7 13. Rfe1 Rfe8 14. Bb3 c5
15. Ba4 Red8 16. Bg5 Bc6 17. Bxc6 Qxc6 18. Ne5 Qc7 19. Nxd7 Rxd7 20. Bxf6 gxf6
21. Qf3 Rad8 22. Nh5 f5 23. Nf6+ Kg7 24. Nxd7 Rxd7 25. g3 cxd4 26. cxd4 Bb4 27.
Re2 Qc4 28. b3 Qc7 29. d5 a5 30. Qe3 Kf8 31. Rc1 Bc5 32. Qh6+ 1-0

[Event "Mercredi 2016.10.12 ABCD"]
[Site "Montreal CAN"]
[Date "2016.11.09"]
[Round "5"]
[White "Beaulieu, Pierre"]
[Black "Esterez, Emmanuel"]
[Result "1/2-1/2"]
[WhiteElo "1885"]
[BlackElo "1919"]
[PlyCount "103"]
[EventDate "2016.10.12"]
[EventType "tourn"]
[EventRounds "5"]
[EventCountry "CAN"]

1. Nf3 c5 2. b3 Nc6 3. Bb2 d5 4. e3 a6 5. Be2 Nf6 6. O-O Bf5 7. d3 e6 8. Nh4
Bg6 9. Nd2 Be7 10. g3 O-O 11. f4 Nd7 12. Ndf3 Bf6 13. Nxg6 hxg6 14. d4 b5 15.
Qd2 Qc7 16. Rfc1 c4 17. b4 a5 18. a3 Ra6 19. c3 Nb6 20. Bd1 Rfa8 21. Ne1 Ne7
22. Rab1 axb4 23. axb4 Nec8 24. Bc2 Nd6 25. Kg2 Ra2 26. Nf3 Na4 27. Bxa4 R8xa4
28. Qe1 Be7 29. Kh1 g5 30. Nd2 Qc6 31. Qd1 gxf4 32. exf4 Ne4 33. Kg1 f5 34. Rc2
Qe8 35. Bc1 Ra1 36. Bb2 Rxb1 37. Nxb1 g5 38. Bc1 g4 39. Be3 Qa8 40. Kg2 Kf7 41.
Nd2 Ra2 42. Nxe4 dxe4 43. Rxa2 Qxa2+ 44. Qd2 Qb3 45. d5 Bf6 46. dxe6+ Kxe6 47.
Bc5 Bxc3 48. Qd6+ Kf7 49. Qd7+ Kg6 50. Qe6+ Bf6 51. Qg8+ Bg7 52. Qe6+ 1/2-1/2

[Event "Mercredi 2016.10.12 ABCD"]
[Site "Montreal CAN"]
[Date "2016.11.09"]
[Round "5"]
[White "Boudreau, Daniel"]
[Black "Soudre, Nicolas"]
[Result "1/2-1/2"]
[WhiteElo "2171"]
[BlackElo "2202"]
[PlyCount "128"]
[EventDate "2016.10.12"]
[EventType "tourn"]
[EventRounds "5"]
[EventCountry "CAN"]

1. e4 e5 2. Nc3 Nf6 3. Bc4 Bc5 4. f4 d6 5. Nf3 Nc6 6. d3 a6 7. a4 Bg4 8. Nd5
Nd4 9. Ne3 Bxf3 10. gxf3 Nh5 11. Ng2 exf4 12. c3 Qg5 13. Kf1 Ne6 14. d4 Ba7 15.
Qb3 Nd8 16. Rg1 Qf6 17. Bd2 O-O 18. Be1 Kh8 19. Nh4 g6 20. Rg4 Ng7 21. Nxg6+
fxg6 22. Bh4 g5 23. Bxg5 Qg6 24. Bxd8 Qh5 25. Bh4 Rab8 26. Ke2 c5 27. d5 Rfe8
28. Rag1 b5 29. axb5 axb5 30. Bxb5 c4 31. Bxe8 Qxe8 32. Qa3 Bxg1 33. Bf6 Rb7
34. Rxg1 Qb8 35. Rxg7 Rxg7 36. Qb4 Qa7 37. Bd4 Qc7 38. Qb5 Qc8 39. Qc6 Qb8 40.
b4 cxb3 41. Qd7 Qf8 42. Kd2 Kg8 43. Qxg7+ Qxg7 44. Bxg7 Kxg7 45. c4 Kf6 46. Kc3
Ke5 47. Kxb3 Kd4 48. Kb4 Ke3 49. c5 dxc5+ 50. Kxc5 Kxf3 51. e5 Kg2 52. e6 f3
53. e7 f2 54. e8=Q f1=Q 55. Qg8+ Kh1 56. d6 Qf2+ 57. Kc6 Qc2+ 58. Kd7 Qa4+ 59.
Ke7 Qh4+ 60. Ke8 Qe4+ 61. Kf8 Qf4+ 62. Ke7 Qh4+ 63. Kd7 Qa4+ 64. Ke7 Qh4+
1/2-1/2

[Event "Mercredi 2016.10.12 ABCD"]
[Site "Montreal CAN"]
[Date "2016.11.09"]
[Round "5"]
[White "Cardin, Guillaume"]
[Black "Singher, Jean-Pierre"]
[Result "0-1"]
[WhiteElo "2039"]
[BlackElo "1945"]
[PlyCount "52"]
[EventDate "2016.10.12"]
[EventType "tourn"]
[EventRounds "5"]
[EventCountry "CAN"]

1. d4 Nf6 2. c4 e6 3. Nc3 c5 4. d5 exd5 5. cxd5 d6 6. Nf3 g6 7. Bf4 a6 8. a4
Bg7 9. h3 O-O 10. e3 Qa5 11. Nd2 Qb4 12. Qc2 Bf5 13. Bd3 Bxd3 14. Qxd3 Nh5 15.
Bxd6 Rd8 16. Nc4 b5 17. axb5 axb5 18. Rxa8 bxc4 19. Rxb8 Rxb8 20. Qd2 Qxb2 21.
Qxb2 Rxb2 22. Nd1 Ra2 23. O-O c3 24. g4 c2 25. Nc3 Bxc3 26. gxh5 Ra1 0-1

[Event "Mercredi 2016.10.12 ABCD"]
[Site "Montreal CAN"]
[Date "2016.11.09"]
[Round "5"]
[White "Dumouchel, Alain"]
[Black "Nardone, Raul"]
[Result "1-0"]
[WhiteElo "1784"]
[BlackElo "1845"]
[PlyCount "123"]
[EventDate "2016.10.12"]
[EventType "tourn"]
[EventRounds "5"]
[EventCountry "CAN"]

1. e4 c5 2. Nf3 Nc6 3. d4 cxd4 4. Nxd4 Nf6 5. Nc3 d6 6. Be2 e5 7. Nb3 Be7 8.
O-O O-O 9. Bg5 Be6 10. Bf3 Rc8 11. Nd5 Nxd5 12. exd5 Bxg5 13. dxe6 fxe6 14. c3
Qe7 15. Qc2 d5 16. g3 e4 17. Bg2 e5 18. Rad1 Rcd8 19. c4 d4 20. Qxe4 Qb4 21.
Qg4 Bf6 22. Bd5+ Kh8 23. Nd2 Qe7 24. a3 a5 25. Kg2 a4 26. h4 Nb8 27. Be4 g6 28.
Nf3 Qd7 29. Nh2 Qxg4 30. Nxg4 Rd7 31. Bc2 Rc7 32. Bxa4 Rxc4 33. Bb3 Rc7 34.
Rfe1 Kg7 35. Nxe5 Bxe5 36. Rxe5 Nc6 37. Rd5 Re7 38. Rd2 Rf5 39. Rxf5 gxf5 40.
Ba4 Rd7 41. Kf3 Kf6 42. Kf4 Rd6 43. Bxc6 bxc6 44. b4 Ke6 45. f3 Kd5 46. Kxf5
Kc4 47. Ke5 Rd8 48. a4 Kc3 49. Rd1 d3 50. b5 cxb5 51. axb5 Kc2 52. Rf1 d2 53.
f4 d1=Q 54. Rxd1 Rxd1 55. f5 Re1+ 56. Kd6 Kd3 57. f6 Rf1 58. Ke7 Re1+ 59. Kf8
Ke4 60. f7 Kf5 61. Kg7 Re7 62. Kg8 1-0

[Event "Mercredi 2016.10.12 ABCD"]
[Site "Montreal CAN"]
[Date "2016.11.09"]
[Round "5"]
[White "Dupuis, Stephane"]
[Black "Lopez Linares, Lizandro"]
[Result "0-1"]
[WhiteElo "2130"]
[BlackElo "2251"]
[PlyCount "82"]
[EventDate "2016.10.12"]
[EventType "tourn"]
[EventRounds "5"]
[EventCountry "CAN"]

1. d4 d5 2. Nf3 Nf6 3. c4 c6 4. g3 Bf5 5. Bg2 e6 6. O-O h6 7. Qb3 Qb6 8. c5 Qa6
9. Nc3 Nbd7 10. Re1 b6 11. cxb6 axb6 12. Ne5 Rc8 13. e4 dxe4 14. Nxd7 Kxd7 15.
Bf4 Nd5 16. Nxe4 Be7 17. Bd2 Ra8 18. a4 Rhb8 19. g4 Bxg4 20. Qg3 h5 21. a5 g6
22. h3 Bf5 23. Bf1 Qb7 24. Ng5 Bxg5 25. a6 Qc7 26. Qxg5 Qd6 27. Bc4 f6 28. Qh4
Ke7 29. Bxd5 Qxd5 30. Re5 Qd7 31. Bh6 Kf7 32. Re2 Rd8 33. Be3 Qa7 34. Qf4 g5
35. Qf3 Rd5 36. Qxh5+ Bg6 37. Qf3 Bf5 38. Qh5+ Kg7 39. Bxg5 fxg5 40. Qxg5+ Bg6
41. Rxe6 Rxg5+ 0-1

[Event "Mercredi 2016.10.12 ABCD"]
[Site "Montreal CAN"]
[Date "2016.11.09"]
[Round "5"]
[White "Fortin-Lavoie, Patrice"]
[Black "Lessard, Sylvain"]
[Result "0-1"]
[WhiteElo "1796"]
[BlackElo "1821"]
[PlyCount "36"]
[EventDate "2016.10.12"]
[EventType "tourn"]
[EventRounds "5"]
[EventCountry "CAN"]

1. b3 e5 2. Bb2 Nc6 3. Nf3 d6 4. g3 g6 5. d4 e4 6. d5 Nf6 7. Ng5 Ne5 8. Nc3 Bg7
9. Bg2 e3 10. f3 O-O 11. Nh3 Re8 12. Nf4 Bd7 13. Qc1 Qc8 14. Qxe3 Nc4 15. Qc1
Nxb2 16. Qxb2 g5 17. e4 gxf4 18. gxf4 Nxd5 0-1

[Event "Mercredi 2016.10.12 ABCD"]
[Site "Montreal CAN"]
[Date "2016.11.09"]
[Round "5"]
[White "Gates, Claude-Eric"]
[Black "Robidoux, Julien"]
[Result "0-1"]
[WhiteElo "1810"]
[BlackElo "1780"]
[PlyCount "134"]
[EventDate "2016.10.12"]
[EventType "tourn"]
[EventRounds "5"]
[EventCountry "CAN"]

1. e4 d5 2. exd5 Qxd5 3. Nf3 Nf6 4. Nc3 Qa5 5. d4 Bg4 6. Bc4 e6 7. h3 Bh5 8.
Qe2 Bb4 9. Bd2 c6 10. a3 Nbd7 11. O-O Bxc3 12. Bxc3 Qc7 13. Bb4 a5 14. Bd2 O-O
15. g4 Bg6 16. Bg5 Ne4 17. Bh4 Qf4 18. Rad1 h5 19. Nh2 Rfe8 20. Bd3 Ndf6 21.
Bxf6 gxf6 22. Qf3 Qxf3 23. Nxf3 hxg4 24. hxg4 Kg7 25. Nh4 Bh7 26. Kg2 Nd6 27.
b3 Bxd3 28. Rxd3 a4 29. b4 Rad8 30. Nf3 Rd7 31. g5 Nc4 32. Rh1 fxg5 33. Nxg5
Rh8 34. Rxh8 Kxh8 35. Ne4 b5 36. Nf6 Rd8 37. f4 Kg7 38. Ng4 f6 39. Kf3 Rh8 40.
Kg2 Kg6 41. Nf2 Kf5 42. Kf3 Rh4 43. Kg3 Rxf4 44. Kg2 e5 45. dxe5 fxe5 46. Rh3
e4 47. Rh5+ Ke6 48. Kg3 Rf3+ 49. Kg2 Ne3+ 50. Kg1 Rf4 51. Rc5 Kd6 52. Rg5 Nxc2
53. Rg6+ Kd5 54. Rg5+ Kd4 55. Rc5 Nxa3 56. Rxc6 e3 57. Rd6+ Ke5 58. Nd3+ Kxd6
59. Nxf4 Nc2 60. Nd3 a3 61. Nc1 Nxb4 62. Kf1 Kd5 63. Ke2 Ke4 64. Nb3 a2 65.
Nc5+ Kd4 66. Nb3+ Kc3 67. Na1 Nc2 0-1

[Event "Mercredi 2016.10.12 ABCD"]
[Site "Montreal CAN"]
[Date "2016.11.09"]
[Round "5"]
[White "Have, Didier"]
[Black "Luo, Zhao Yang"]
[Result "0-1"]
[WhiteElo "1976"]
[BlackElo "2073"]
[PlyCount "42"]
[EventDate "2016.10.12"]
[EventType "tourn"]
[EventRounds "5"]
[EventCountry "CAN"]

1. e4 c6 2. d4 d5 3. f3 Qc7 4. Nc3 dxe4 5. fxe4 Nf6 6. Nf3 Bg4 7. Bd3 Nbd7 8.
O-O e5 9. Be3 Bb4 10. Qe1 O-O 11. Qh4 Bh5 12. dxe5 Nxe5 13. Nxe5 Qxe5 14. Rf5
Qe7 15. Rxh5 Nxh5 16. Qxh5 f5 17. Qg5 Qe5 18. exf5 Rae8 19. Bc4+ Kh8 20. Be6
Bc5 21. Re1 Rxe6 0-1

[Event "Mercredi 2016.10.12 ABCD"]
[Site "Montreal CAN"]
[Date "2016.11.09"]
[Round "5"]
[White "Langlois-Remillard, Alexis"]
[Black "Lebeau, Gilbert"]
[Result "0-1"]
[WhiteElo "1954"]
[BlackElo "2089"]
[PlyCount "51"]
[EventDate "2016.10.12"]
[EventType "tourn"]
[EventRounds "5"]
[EventCountry "CAN"]

1. b3 d5 2. Bb2 Nc6 3. e3 e5 4. Bb5 Bd6 5. f4 Qh4+ 6. g3 Qe7 7. Nf3 Bg4 8. h3
Bxf3 9. Qxf3 Nf6 10. fxe5 Bxe5 11. Bxc6+ bxc6 12. d4 Bd6 13. c4 Ne4 14. Nc3 Bb4
15. Rc1 O-O 16. Kd1 Bxc3 17. Bxc3 Rfe8 18. g4 dxc4 19. b4 a5 20. a3 Nxc3+ 21.
Rxc3 axb4 22. Rxc4 bxa3 23. Kd2 a2 24. Ra1 Ra3 25. Rxc6 Qb4+ 26. Kc1 0-1

[Event "Mercredi 2016.10.12 ABCD"]
[Site "Montreal CAN"]
[Date "2016.11.09"]
[Round "5"]
[White "Rondon, Luciano"]
[Black "Nunez, Omar"]
[Result "1/2-1/2"]
[WhiteElo "1881"]
[BlackElo "1942"]
[PlyCount "36"]
[EventDate "2016.10.12"]
[EventType "tourn"]
[EventRounds "5"]
[EventCountry "CAN"]

1. d4 g6 2. c4 f5 3. Nf3 Nf6 4. g3 Bg7 5. Bg2 O-O 6. O-O c6 7. Qc2 d6 8. Nc3
Qe8 9. d5 e5 10. dxe6 Qxe6 11. b3 Na6 12. a3 Nc5 13. Bb2 Qe7 14. Rad1 Be6 15.
Ng5 Rad8 16. e3 Bc8 17. b4 Ne6 18. Nf3 Nd7 1/2-1/2

[Event "Mercredi 2016.10.12 ABCD"]
[Site "Montreal CAN"]
[Date "2016.11.09"]
[Round "5"]
[White "Tremblay, Alain"]
[Black "Jacquet, Stephane"]
[Result "0-1"]
[WhiteElo "2175"]
[BlackElo "2119"]
[PlyCount "136"]
[EventDate "2016.10.12"]
[EventType "tourn"]
[EventRounds "5"]
[EventCountry "CAN"]

1. Nf3 Nf6 2. d4 d5 3. c4 dxc4 4. e3 e6 5. Bxc4 c5 6. O-O a6 7. Nc3 b5 8. Bb3
Be7 9. a4 b4 10. Ne2 Nbd7 11. Nf4 O-O 12. a5 Bb7 13. Qe2 Qc7 14. Ng5 Qc6 15. f3
Nd5 16. Ba4 Nxf4 17. exf4 Qd5 18. Qe4 Nf6 19. Qxd5 Nxd5 20. dxc5 Bxc5+ 21. Kh1
Be7 22. Bd2 Rac8 23. Bb3 Rc7 24. Rfc1 Rfc8 25. Ne4 h6 26. Kg1 f5 27. Ng3 Bf6
28. Rxc7 Rxc7 29. Rd1 g6 30. Bxd5 Bxd5 31. Bxb4 Rc2 32. Rd2 Rxd2 33. Bxd2 Bxb2
34. Kf2 Bd4+ 35. Be3 Bc3 36. Bb6 Bc4 37. Ne2 Bd2 38. Bc7 Kf7 39. Nd4 Ke7 40. g3
Kd7 41. Bb6 Kd6 42. Nc2 Kc6 43. Nd4+ Kd5 44. Nc2 Bd3 45. Ne3+ Kc6 46. Nd1 Kb5
47. Nb2 Bc4 48. Bc7 Bc3 49. Nxc4 Kxc4 50. Ke2 h5 51. h3 Kb5 52. Kd3 Bxa5 53.
Be5 Bb6 54. g4 Kc5 55. gxh5 gxh5 56. Kc3 Kd5 57. Kd3 Bc5 58. Bc3 Bd6 59. Bd2
Kc5 60. Kc3 a5 61. Be3+ Kb5 62. Kd3 Kb4 63. Bd2+ Kb5 64. Kd4 a4 65. Kd3 a3 66.
Kc2 Kc4 67. Be3 Bc5 68. Bd2 Bd4 0-1

[Event "Mercredi 2016.11.16 ABCD"]
[Site "Montreal CAN"]
[Date "2016.11.16"]
[Round "1"]
[White "Beaulieu, Pierre"]
[Black "Robidoux, Julien"]
[Result "0-1"]
[WhiteElo "1901"]
[BlackElo "1895"]
[PlyCount "136"]
[EventDate "2016.11.16"]
[EventType "tourn"]
[EventRounds "5"]
[EventCountry "CAN"]

1. Nf3 Nf6 2. b3 b6 3. Bb2 Bb7 4. e3 g6 5. Be2 Bg7 6. c4 d6 7. O-O O-O 8. d3
Nbd7 9. Nbd2 e5 10. Qc2 Ne8 11. d4 Qe7 12. b4 e4 13. Ne1 c5 14. Qb3 f5 15. Nc2
Rd8 16. a4 Nc7 17. a5 Ra8 18. Ra2 Ne6 19. bxc5 dxc5 20. d5 Ng5 21. axb6 axb6
22. Rxa8 Rxa8 23. Na3 Nf7 24. Nb5 Nde5 25. Re1 Nd6 26. Nc3 Qc7 27. Na4 Ra6 28.
Rb1 Nd7 29. Bxg7 Kxg7 30. Rb2 Bc8 31. Nb1 Qa7 32. Bd1 Nb7 33. Qb5 Na5 34. Ra2
Qc7 35. Nd2 Ne5 36. Qe8 Nexc4 37. Nxc4 Nxc4 38. Be2 Qd7 39. Qxd7+ Bxd7 40. Nc3
Rxa2 41. Nxa2 Nd6 42. Kf1 Kf6 43. Ke1 b5 44. f4 Be8 45. Kd2 Bf7 46. Nc3 b4 47.
Na4 c4 48. Nb6 c3+ 49. Kc2 Ke7 50. Kb3 Kd8 51. Bd1 Kc7 52. Na4 Bxd5+ 53. Kxb4
Nc4 54. Nxc3 Nxe3 55. Be2 Kd6 56. g3 Nc2+ 57. Ka5 Bf7 58. Bd1 Ne3 59. Be2 Kc5
60. Ka4 Be8+ 61. Kb3 Kd4 62. Ba6 Bf7+ 63. Kb2 Nc4+ 64. Kc2 Ke3 65. Kd1 Kf2 66.
Ne2 Ne3+ 67. Kd2 Nf1+ 68. Kd1 Nxh2 0-1

[Event "Mercredi 2016.11.16 ABCD"]
[Site "Montreal CAN"]
[Date "2016.11.16"]
[Round "1"]
[White "Brassard, Sylvain"]
[Black "Dumouchel, Alain"]
[Result "1-0"]
[WhiteElo "1824"]
[BlackElo "1783"]
[PlyCount "90"]
[EventDate "2016.11.16"]
[EventType "tourn"]
[EventRounds "5"]
[EventCountry "CAN"]

1. d4 Nf6 2. Bg5 Ne4 3. Bf4 c5 4. f3 Qa5+ 5. c3 g5 6. Bxb8 d6 7. fxe4 Bd7 8.
Bxd6 exd6 9. e3 Bg7 10. Bd3 O-O 11. Nd2 b5 12. Ngf3 g4 13. Nh4 Qd8 14. Nf5 Bxf5
15. exf5 Qh4+ 16. g3 Qh6 17. Qxg4 Qxe3+ 18. Be2 Kh8 19. Qe4 cxd4 20. Qxe3 dxe3
21. Nf3 b4 22. cxb4 Bxb2 23. Rb1 Bc3+ 24. Kd1 Kg7 25. Bd3 d5 26. Ke2 Rfe8 27.
b5 Kf6 28. g4 Kg7 29. h4 f6 30. g5 d4 31. Rhg1 Rad8 32. g6 h6 33. Rgc1 Rd5 34.
a4 Re7 35. Ne1 Rc5 36. a5 Rce5 37. Nf3 Rd5 38. b6 axb6 39. axb6 Rd8 40. b7 Rb8
41. Ba6 d3+ 42. Bxd3 Bd2 43. Nxd2 exd2+ 44. Kxd2 Rbxb7 45. Rxb7 Rxb7 1-0

[Event "Mercredi 2016.11.16 ABCD"]
[Site "Montreal CAN"]
[Date "2016.11.16"]
[Round "1"]
[White "Cardin, Guillaume"]
[Black "Johnson-Constantin, Matthieu"]
[Result "1-0"]
[WhiteElo "2034"]
[BlackElo "1914"]
[PlyCount "97"]
[EventDate "2016.11.16"]
[EventType "tourn"]
[EventRounds "5"]
[EventCountry "CAN"]

1. d4 f5 2. Nc3 Nf6 3. Bg5 d6 4. Bxf6 gxf6 5. e4 Qd7 6. Qh5+ Kd8 7. e5 fxe5 8.
dxe5 Nc6 9. Nf3 Qe6 10. Bb5 Bd7 11. O-O-O Bg7 12. Kb1 Nxe5 13. Nd4 Qg6 14. Qe2
Nc6 15. Bxc6 bxc6 16. Qf3 Bxd4 17. Rxd4 Rb8 18. Ra4 Rb7 19. g3 Qf6 20. Qe3 c5
21. Ra3 Bc6 22. Rd1 Ke8 23. Rb3 Rxb3 24. axb3 Kf7 25. Qd3 Qe6 26. Qd2 Rg8 27.
Re1 Qf6 28. Nd5 Bxd5 29. Qxd5+ e6 30. Qb7 Qe7 31. Qxa7 Rg4 32. Qb8 d5 33. h4
Qd6 34. Qh8 Rg7 35. h5 Qe7 36. h6 Rg8 37. Qxh7+ Kf8 38. Qxe7+ Kxe7 39. Kc1 Rh8
40. Rh1 Kf7 41. Kd2 Kg6 42. Ke3 Rxh6 43. Rxh6+ Kxh6 44. Kf4 Kg6 45. Ke5 Kf7 46.
f3 d4 47. g4 c6 48. gxf5 exf5 49. Kxf5 1-0

[Event "Mercredi 2016.11.16 ABCD"]
[Site "Montreal CAN"]
[Date "2016.11.16"]
[Round "1"]
[White "Destree, Frederic"]
[Black "Zumsteg, Nicolas"]
[Result "1-0"]
[WhiteElo "1910"]
[BlackElo "1848"]
[PlyCount "67"]
[EventDate "2016.11.16"]
[EventType "tourn"]
[EventRounds "5"]
[EventCountry "CAN"]

1. Nf3 Nf6 2. g3 g6 3. Bg2 Bg7 4. d3 d5 5. O-O O-O 6. Nbd2 Nbd7 7. e4 e5 8.
exd5 Nxd5 9. Re1 Re8 10. Nc4 N5b6 11. Bg5 f6 12. Be3 Nxc4 13. dxc4 Nf8 14. Qe2
c6 15. Red1 Qe7 16. c5 Be6 17. Nd2 f5 18. Nc4 Bxc4 19. Qxc4+ Qf7 20. Bf1 Ne6
21. Qb4 a5 22. Qa4 Kf8 23. Bc4 Qe7 24. Bxe6 Qxe6 25. Rd6 Qe7 26. Rad1 Red8 27.
Qb3 Rxd6 28. cxd6 Qf7 29. Qb6 Qd7 30. Bg5 Ke8 31. Qb3 Qf7 32. d7+ Qxd7 33. Rxd7
Kxd7 34. Qf7+ 1-0

[Event "Mercredi 2016.11.16 ABCD"]
[Site "Montreal CAN"]
[Date "2016.11.16"]
[Round "1"]
[White "Jacquet, Stephane"]
[Black "Boudreau, Daniel"]
[Result "0-1"]
[WhiteElo "2157"]
[BlackElo "2157"]
[PlyCount "86"]
[EventDate "2016.11.16"]
[EventType "tourn"]
[EventRounds "5"]
[EventCountry "CAN"]

1. d4 Nf6 2. c4 e6 3. Nf3 Bb4+ 4. Bd2 a5 5. e3 b6 6. Bd3 Bb7 7. O-O O-O 8. Qe2
d5 9. cxd5 exd5 10. Ne5 Re8 11. a3 Bxd2 12. Nxd2 c5 13. Bb5 Re7 14. f4 Qd6 15.
Rac1 Na6 16. Qd3 c4 17. Qe2 Nc7 18. Ba4 b5 19. Bc2 b4 20. axb4 axb4 21. Bb1 Ba6
22. Qf2 c3 23. bxc3 Bxf1 24. Nxf1 b3 25. Ng3 g6 26. f5 g5 27. Qb2 Qa3 28. Qd2
h6 29. Rf1 Qd6 30. e4 dxe4 31. h4 Rxe5 32. hxg5 e3 33. Qe1 hxg5 34. dxe5 Qxe5
35. Ne2 Nb5 36. Bd3 Ng4 37. Nf4 gxf4 38. Qh4 Nf6 39. Qg5+ Kf8 40. Bxb5 b2 41.
Bd3 Ra1 42. Bb1 e2 43. Re1 Rxb1 0-1

[Event "Mercredi 2016.11.16 ABCD"]
[Site "Montreal CAN"]
[Date "2016.11.16"]
[Round "1"]
[White "Lamarche, Michel"]
[Black "Esterez, Emmanuel"]
[Result "0-1"]
[WhiteElo "1906"]
[BlackElo "1874"]
[PlyCount "94"]
[EventDate "2016.11.16"]
[EventType "tourn"]
[EventRounds "5"]
[EventCountry "CAN"]

1. e4 e5 2. Nf3 Nc6 3. Bb5 a6 4. Ba4 Nf6 5. O-O b5 6. Bb3 Be7 7. Re1 d6 8. c3
O-O 9. h3 Na5 10. Bc2 c5 11. d4 Qc7 12. Bg5 Re8 13. Nbd2 h6 14. Bxf6 Bxf6 15.
d5 c4 16. Nf1 g6 17. Qd2 Bg7 18. b3 cxb3 19. axb3 Nb7 20. Ne3 Rf8 21. g4 Bd7
22. Bd3 Nc5 23. Bc2 a5 24. b4 axb4 25. cxb4 Na4 26. Bd3 Qb7 27. Rec1 Rfc8 28.
Ra2 Rxc1+ 29. Qxc1 Rc8 30. Rc2 Rxc2 31. Qxc2 Bf6 32. Nd2 Bd8 33. Nb1 Qa7 34.
Na3 Qd4 35. Bxb5 Bxb5 36. Nxb5 Qxb4 37. Nxd6 Qe1+ 38. Nf1 Nc3 39. Qd2 Ne2+ 40.
Kg2 Nf4+ 41. Kg1 Nxh3+ 42. Kg2 Nf4+ 43. Kg1 Qb1 44. Qe3 Bb6 45. Qf3 Qe1 46. Nc4
Bxf2+ 47. Kh2 Qxf1 0-1

[Event "Mercredi 2016.11.16 ABCD"]
[Site "Montreal CAN"]
[Date "2016.11.16"]
[Round "1"]
[White "Langlois-Remillard, Alexis"]
[Black "Nunez, Omar"]
[Result "1/2-1/2"]
[WhiteElo "1972"]
[BlackElo "1940"]
[PlyCount "64"]
[EventDate "2016.11.16"]
[EventType "tourn"]
[EventRounds "5"]
[EventCountry "CAN"]

1. b3 Nf6 2. Bb2 g6 3. Bxf6 exf6 4. c4 Bg7 5. Nc3 d6 6. g3 f5 7. Bg2 Nc6 8. e3
Nb4 9. d4 Qe7 10. Nge2 c6 11. O-O g5 12. a3 Na6 13. Rc1 h5 14. b4 Nc7 15. d5
cxd5 16. Nxd5 Nxd5 17. Qxd5 h4 18. Rfd1 hxg3 19. hxg3 Bb2 20. Rc2 Be5 21. Nd4
Kf8 22. Nb5 f4 23. exf4 gxf4 24. Nxd6 Bg4 25. Re1 Qxd6 26. Qxe5 Qh6 27. Qxf4
Qh2+ 28. Kf1 Bh3 29. Qd6+ Kg8 30. Bxh3 Qxh3+ 31. Ke2 Rh6 32. Qf4 Re6+ 1/2-1/2

[Event "Mercredi 2016.11.16 ABCD"]
[Site "Montreal CAN"]
[Date "2016.11.16"]
[Round "1"]
[White "Lebeau, Gilbert"]
[Black "Lopez Linares, Lizandro"]
[Result "1/2-1/2"]
[WhiteElo "2071"]
[BlackElo "2262"]
[PlyCount "117"]
[EventDate "2016.11.16"]
[EventType "tourn"]
[EventRounds "5"]
[EventCountry "CAN"]

1. d4 d5 2. c4 c6 3. Nf3 Nf6 4. g3 Bf5 5. Bg2 e6 6. Nc3 h6 7. O-O Nbd7 8. b3
Be7 9. Bb2 O-O 10. Re1 Qa5 11. Nd2 Bb4 12. Rc1 Ne4 13. Ndxe4 dxe4 14. a3 Bxc3
15. Rxc3 Nf6 16. b4 Qc7 17. Qc1 Rfd8 18. Rd1 Rd7 19. h3 Rad8 20. Qa1 Qb6 21.
Rcc1 e3 22. f3 Qc7 23. g4 Qg3 24. d5 Bg6 25. Bxf6 gxf6 26. Rf1 cxd5 27. cxd5
Rxd5 28. Qxf6 Rd2 29. Rce1 Kh7 30. Kh1 R8d7 31. f4 b6 32. g5 h5 33. Rg1 R7d4
34. Ref1 Re4 35. f5 exf5 36. Rf3 Qe5 37. Qc6 Rxe2 38. Rgf1 Rxg2 39. Kxg2 e2 40.
Re1 f4 41. Qf6 Qd5 42. Kf2 Qc4 43. Qc3 Qe6 44. Qf6 Qc4 45. Rc3 Qa6 46. Qd8 Rc4
47. Rec1 Rxc3 48. Rxc3 Qb7 49. Rc8 e1=Q+ 50. Kxe1 Qe4+ 51. Kd1 Qf3+ 52. Kc1
Qe3+ 53. Kd1 Qb3+ 54. Ke2 Qe3+ 55. Kd1 Qg1+ 56. Kd2 Qe3+ 57. Kd1 Qb3+ 58. Ke2
Qe3+ 59. Kd1 1/2-1/2

[Event "Mercredi 2016.11.16 ABCD"]
[Site "Montreal CAN"]
[Date "2016.11.28"]
[Round "1"]
[White "Lessard, Sylvain"]
[Black "Gauthier, Luc"]
[Result "0-1"]
[WhiteElo "1785"]
[BlackElo "1771"]
[PlyCount "68"]
[EventDate "2016.11.16"]
[EventType "tourn"]
[EventRounds "5"]
[EventCountry "CAN"]

1. e4 Nf6 2. e5 Nd5 3. d4 d6 4. c4 Nb6 5. f4 dxe5 6. fxe5 c5 7. d5 g6 8. Nf3
Bg4 9. Bd3 Bg7 10. Qe2 e6 11. dxe6 fxe6 12. O-O O-O 13. Nc3 Nc6 14. Bg5 Bxf3
15. Bxd8 Bxe2 16. Rxf8+ Bxf8 17. Bxb6 Bxd3 18. Bc7 Bxc4 19. Ne4 Bg7 20. Re1 Bd5
21. Nxc5 Rc8 22. Bd6 Nxe5 23. Nxe6 Bxe6 24. Bxe5 Bxe5 25. Rxe5 Kf7 26. Rb5 b6
27. a4 Rc1+ 28. Kf2 Rc5 29. Rb4 Ke7 30. h4 Rc4 31. Rb5 Rxa4 32. g3 h5 33. Ke3
Kd6 34. Kd2 Rg4 0-1